000 00752nam a22001937a 4500
005 20231108152738.0
010 _aHIN-126093
020 _a9788195294152
_c500.00
035 _aHN-98439
037 _bDBAD/PUB
082 _a821
100 _aसैनी,पूरण सिंह
_958398
245 _aभारत माता उद्बोधन/
_cपूरण सिंह सैनी
250 _a1
260 _aउत्तराखंड
_bअविचल पब्लिकेशन
_c2021
270 _a'सावित्री' 15-वृन्दा विहार
_bनैनीताल
_e263139
300 _a256 पृ
_c22 सेमी (सजिल्द)
942 _cHN
_2ddc
_h821
_mसैनीपू
999 _c198671
_d198671